000 00445nam a2200181Ia 4500
005 20240823012539.0
008 240823s9999||||xx |||||||||||||| ||und||
041 _aENGLISH
082 _A658.2 N7
100 _aKhanna O P
245 0 _aIndustrial Engineering and Management
250 _a1st
260 _c2003
_b"Dhanpat Rai,"
500 _aYES
650 _aIndustrial Engineering
_bManagement Studies
942 _cBK
999 _c164705
_d164705